00000000nam##2200000za#4500
0019.534753
003CaOODSP
00520250319165106
007ta
008150406|1999||||xxc|||||     f|0| 0 fre|d
040 |aCaOODSP|bfre
041 |aeng
041 |afre
043 |an-cn---
0861 |aNH14-1/0391
1102 |aSociété canadienne d'hypothèques et de logement.
24510|aAmélioration de la qualité de vie dans les résidences pour personnes âgées / |cRegroupement des résidences pour retraités du Québec, Montréal (Québec). Établi par Julie Tasker-Brown.
260 |aOttawa - Ontario : |bSociété canadienne d'hypothèques et de logement |c1999.
300 |aTexte français, i, 12p. : |bill. ; |c28 cm.
4901 |aAbordabilité et choix toujours (ACT) projet de réforme de la réglementation|v0391
546 |aBilingue
563 |aCouverture souple
590 |a01-05|b2001-02-02
69107|aQualité de vie|2gcpds
69107|aLogement subventionné|2gcpds
69107|aAîné|2gcpds
7201 |aTasker-Brown, Julie
7760#|tImproving quality of life in boarding houses for the elderly / |w(CaOODSP)9.573399
791 |tImproving quality of life in boarding houses for the elderly / |eeng|w(CaOODSP)9.534752
830#0|aAbordabilité et choix toujours (ACT) projet de réforme de la réglementation ;|v0391|w(CaOODSP)9.509541
986 |aPB 0391